000 00389nam a2200145Ia 4500
008 230312s9999||||xx |||||||||||||| ||und||
020 _aN.M
082 _a340
_bMUZ-R
100 _aEng.Muhammad muzammil
245 0 _aRequirements for domestic maintenance training orgainsation approval under ano - 147
260 _aPakistan
_c2017
300 _aN.M
650 _aAviation
942 _cBK
999 _c14729
_d14729